000 02867cam a22005414i 4500
003 PE-LiUPU
005 20250731165616.0
008 150706s2013 mx a ri 000 0 d
020 _a9786077076490
035 _a(Sirsi) i9786077076490
040 _aPE-LiUPU
_bspa
_cPE-LiUPU
_erda
049 _aPRUA
082 0 4 _a070.573
_bF38
_221
100 1 _aFernández Menéndez, María Amor,
_eautor.
245 1 0 _aEbooks :
_bcreación y diseño de libros electrónicos /
_cMª Amor Fernández Menéndez.
264 1 _aMéxico, D.F. :
_bAlfaomega,
_c2013.
300 _a185 páginas :
_bilustraciones ;
_c23 cm.
336 _atext
_2rdacontent
337 _aunmediated
_2rdamedia
338 _avolume
_2rdacarrier
500 _aIncluye índice analítico.
505 0 _aPor dónde empezar -- Herramientas necesarias -- Espacio de trabajo de adobe indesing CS6 -- Elaboración de la estructura del ebook -- Diseño y maquetación -- Preparación del documento -- Las páginas maqueta -- El área de páginas -- Otras opciones para los estilos de párrafo -- El índice -- Preparar la publicación -- De indesign a epub -- Introducción a epub -- Como empezar -- Preparación del documento para epub -- Elementos que epub no reconoce -- Adaptación de los elementos -- La tabla de contenido -- Metadatos y etiquetas ALT -- Panel artículos y etiquetas XML -- La portada -- Opciones generales de exportación epub -- Validación del archivo epub -- Epub avanzado -- Contenido de un archivo epub -- Editar el contenido de un archivo epub -- Mejoras en el epub -- De word a epub -- Aplicar estilos al documento word -- Preparar el documento HTML -- Hoja de estilos CSS -- Preparado para exportar -- Publicar un ebook -- Otros formatos -- Calibre -- Kindle de amazon -- Ibookstore de apple -- Google play store -- Barnes & noble nook store.
526 _aSEG44
526 _aSEG26
526 _aP151
526 _aP150
526 _aP149
526 _aP146
526 _aP145
526 _aP126
526 _aP125
526 _aP92
526 _aP75
526 _aP74
526 _aP27
526 _aP15
541 _g015-0016053;
650 0 4 _aLibros electrónicos
_xDiseño.
650 0 4 _aAdobe InDesign (programa de computadora).
650 0 4 _a(Lenguaje de marcas).
650 0 4 _aLibros electrónicos
_xDiseño.
910 _agl
_cjck
_d20131106
942 _2ddc
_cBOOK
949 _a070.573 F38
_wDEWEY
_c1
_i68947
_lCCODEBUL1
_mBUL
_p21.00
_r0
_sY
_tBOOK
_u2015-7-6
_xFCE
_zINFORMATIC
_o.STAFF. Colección General
994 _aC0
_bPEPRU
596 _a1
999 _a070.573 F38
_wDEWEY
_c56119
_i68947
_d56119
_e2017-8-28
_f2021-11-8
_g6
_lCCODEBUL1
_mBUL
_n1
_p21.00
_q1
_r0
_sY
_tBOOK
_u2015-7-6
_xEDUCACION
_zINFORMATIC
_0COMPRA
_o.STAFF. Colección General
980 _81
_gALBERTO SANCHEZ Responsable de Automatización